Markets (Record no. 84299)
[ view plain ]
| 000 -LEADER | |
|---|---|
| fixed length control field | 00938cab a22002055a 4500 |
| 001 - CONTROL NUMBER | |
| control field | L157208 |
| 008 - FIXED-LENGTH DATA ELEMENTS--GENERAL INFORMATION | |
| fixed length control field | 120924e20120914xxk 000 0 eng d |
| 035 ## - SYSTEM CONTROL NUMBER | |
| System control number | (Sirsi) u157208 |
| 041 0# - LANGUAGE CODE | |
| Language code of text/sound track or separate title | eng |
| 100 1# - MAIN ENTRY--PERSONAL NAME | |
| Personal name | Eade, Christine |
| 245 00 - TITLE STATEMENT | |
| Title | Markets |
| Remainder of title | Thames Valley and Swindon |
| 260 ## - PUBLICATION, DISTRIBUTION, ETC. | |
| Date of publication, distribution, etc. | 2012 |
| 490 #0 - SERIES STATEMENT | |
| Series statement | Property Week |
| Volume/sequential designation | 78(37) 14 September 2012, 41-53(7) |
| 520 ## - SUMMARY, ETC. | |
| Summary, etc. | Smiths News has taken a 12 year lease on Rowan, the former National Trust Headquarters in Swindon. TA Fisher is launching an appeal against Bracknell Forest Council's refusal to allow the conversion of empty office building Beneficial House into a hotel. Maidenhead has two speculative office schemes Tor and Point under construction. Brunel shopping centre in Swindon is currently being managed by Law of Property Act (LPA) receivers. |
| 590 ## - LOCAL NOTE (RLIN) | |
| Local note | KA |
| 651 #4 - SUBJECT ADDED ENTRY--GEOGRAPHIC NAME | |
| Geographic name | Thames Valley |
| 651 #4 - SUBJECT ADDED ENTRY--GEOGRAPHIC NAME | |
| Geographic name | Swindon |
| 690 ## - LOCAL SUBJECT ADDED ENTRY--TOPICAL TERM (OCLC, RLIN) | |
| Topical term or geographic name as entry element | Commercial property |
| 9 (RLIN) | 6227 |
| 942 ## - ADDED ENTRY ELEMENTS (KOHA) | |
| Suppress in OPAC | 0 |
| Withdrawn status | Lost status | Source of classification or shelving scheme | Damaged status | Not for loan | Home library | Current library | Shelving location | Date acquired | Total Checkouts | Full call number | Barcode | Date last seen | Copy number | Price effective from | Koha item type |
|---|---|---|---|---|---|---|---|---|---|---|---|---|---|---|---|
| Dewey Decimal Classification | London | London | Journal article | 24/09/2012 | L157208 | 157208-1001 | 06/08/2019 | 1 | 06/08/2019 | Journal article |